<?xml version="1.0" encoding="UTF-8"?>
<record
    xmlns:xsi="http://www.w3.org/2001/XMLSchema-instance"
    xsi:schemaLocation="http://www.loc.gov/MARC21/slim http://www.loc.gov/standards/marcxml/schema/MARC21slim.xsd"
    xmlns="http://www.loc.gov/MARC21/slim">

  <leader>01050nam a22001337a 4500</leader>
  <datafield tag="999" ind1=" " ind2=" ">
    <subfield code="c">533785</subfield>
    <subfield code="d">533785</subfield>
  </datafield>
  <controlfield tag="008">260623b           ||||| |||| 00| 0 eng d</controlfield>
  <datafield tag="100" ind1=" " ind2=" ">
    <subfield code="a">Sheikh, Gulammohammaed  </subfield>
    <subfield code="9">61309</subfield>
  </datafield>
  <datafield tag="245" ind1=" " ind2=" ">
    <subfield code="a">Among several cultures and times </subfield>
  </datafield>
  <datafield tag="260" ind1=" " ind2=" ">
    <subfield code="a">India International Center Quarterly  </subfield>
  </datafield>
  <datafield tag="300" ind1=" " ind2=" ">
    <subfield code="a">52 (3&amp;4), Winter 2025- Summer 2026: p.45-69</subfield>
  </datafield>
  <datafield tag="520" ind1=" " ind2=" ">
    <subfield code="a">Living in India means living simultaneously in several cultures and times. One often walks into medieval situations and runs into primitive people. The past exists as a living entity alongside the present, each illuminating and sustaining the other. As times and cultures converge, the citadels of prism explode. Traditional and moderns, private and public continually telescope and reunite. The kaleidoscopic flux of images engages me to construe structures in the process of being created. Like the many eyed and many armed archetype of an Indian child. Scolded with multiple visions, I draw my energy from the source. &#x2013; Reproduced </subfield>
  </datafield>
  <datafield tag="773" ind1=" " ind2=" ">
    <subfield code="a">India International Center Quarterly  </subfield>
  </datafield>
  <datafield tag="942" ind1=" " ind2=" ">
    <subfield code="c">AR</subfield>
  </datafield>
  <datafield tag="952" ind1=" " ind2=" ">
    <subfield code="0">0</subfield>
    <subfield code="1">0</subfield>
    <subfield code="2">ddc</subfield>
    <subfield code="4">0</subfield>
    <subfield code="7">0</subfield>
    <subfield code="9">408964</subfield>
    <subfield code="a">IIPA</subfield>
    <subfield code="b">IIPA</subfield>
    <subfield code="d">2026-06-23</subfield>
    <subfield code="h">52 (3&amp;4), Winter 2025- Summer 2026: p.45-69</subfield>
    <subfield code="p">AR139248</subfield>
    <subfield code="r">2026-06-23</subfield>
    <subfield code="y">AR</subfield>
  </datafield>
</record>
